| 000 | 00608nam a22001817a 4500 | ||
|---|---|---|---|
| 999 |
_c14905 _d14905 |
||
| 003 | OSt | ||
| 082 | _2631.3 AMA/PE | ||
| 088 | _aP 383 | ||
| 100 |
_aAMAL DEV J _aARYA K.T _aHARSHA V _93972 |
||
| 245 | _aPerformance Evaluation of KAU Manure Pulverizer | ||
| 260 |
_aTavanur 2017 _bDEPARTMENT OF FARM POWER MACHINERY AND ENERGY |
||
| 300 | _a52 | ||
| 500 | _aPerformance Evaluation of KAU Manure Pulverizer | ||
| 520 | _aPerformance Evaluation of KAU Manure Pulverizer | ||
| 700 |
_aDr. Jayan P.R (Guide) _93380 |
||
| 856 | _uhttps://drive.google.com/open?id=1aeBeai5zTKi99etjofPHby_X030FY6nO | ||
| 942 | _cPR | ||